Estadísticas para Prueba de Asturias

Haz click aquí para intentar la prueba.

Estadísticas generales

  • Esta prueba ha sido intentada 1.362 veces
  • La puntuación promedio es 10 de 16

Estadísticas de respuestas

PreguntaRespuesta% Correcto
CapitalOviedo
97%
Mar que limita con Asturias al norteCantábrico
94%
Idioma regional que la mayoría de la población puede escribir, hablar, o leerBable
92%
Ciudad más pobladaGijón
92%
Tipo de bebida que se escanciaSidra
86%
Letras griegos se encuentra en el escudo (nombra uno)Alfa / Omega
84%
Siglo en que el reino de Asturias empezóVIII
83%
Caudillo contra los musulmanes y primer monarca del reino de AsturiasDon Pelayo
73%
Tipo de estructura geográfica que discurre paralela a este mar con el mismo nombre del marCordillera
67%
Deporte del Descenso Internacional del SellaPiragüismo
67%
Año en que la Revolución de octubre ocurrió1934
42%
Figura más representativa del movimiento ilustrado en EspañaGaspar Melchor de Jovellanos
31%
¿Qué es el antroxu?Carnaval
29%
La hada de la mitología asturianaLa Xana
29%
Dialecto regional hablado entre los ríos Eo y NaviaEonaviego
18%
Único pico ultraprominente en AsturiasTorre Cerredo
16%

Distribución de puntuación

Porcentaje por número respondido

Porcentaje de gente con cada puntuación

Historial de tus puntuaciones

No has intentado esta prueba.